Sexto Año - Plan Común: materiales para el estudio de la historia europea contemporánea
Saved in:
| Institution som forfatter: | |
|---|---|
| Format: | Bog |
| Sprog: | spansk |
| Udgivet: |
Santiago, Chile
Departamento de Publicaciones Universidad de Chile
1954
|
| Fag: | |
| Tags: |
Tilføj Tag
Ingen Tags, Vær først til at tagge denne postø!
|
MARC
| LEADER | 00000cam a2200000 a 4500 | ||
|---|---|---|---|
| 001 | UCD1346 | ||
| 003 | CL-VaPUC | ||
| 005 | 20210507001527.0 | ||
| 008 | 160303e19540000cl |||||||||||||||||spa|d | ||
| 999 | |c 362695 |d 362693 | ||
| 040 | |c Pontificia Universidad Católica de Valparaíso | ||
| 082 | 0 | 4 | |a 940.55 UNI 1954 |2 21 |
| 110 | 2 | |a Universidad de Chile |e author |9 584443 | |
| 245 | 1 | 0 | |a Sexto Año - Plan Común: |b materiales para el estudio de la historia europea contemporánea |
| 260 | |a Santiago, Chile |b Departamento de Publicaciones Universidad de Chile |c 1954 | ||
| 300 | |a 39 páginas | ||
| 500 | |a Incluye esquema de problemas. Selección de documentos. Cuadros cronológicos. Cuadros estadísticos. Bibliografía | ||
| 583 | |a last modification |c 20160303 03:41:00 |k Rodrigo Vera | ||
| 650 | 7 | |a HISTORIA DE EUROPA SIGLO 20 |2 CL-VaPUC |9 319599 | |
| 650 | 0 | |a Enseñanza de la historia |9 307330 | |
| 942 | |c BK |2 ddc | ||
| 945 | |d 20160303 03:41:00 |a dcastane | ||
| 952 | |0 0 |1 0 |2 ddc |3 erb |4 0 |6 940_550000000000000_UNI_1954 |7 0 |8 X |9 474115 |a FDOBUD |b FDOBUD |i 5264065 |o 940.55 UNI 1954 |p 5264065 |r 2019-11-24 |t 1 |w 2019-11-24 |y BK_X |z Catalogado en:20160303 |k BUD | ||